[Event "Ho Chi Minh City HD Bank op 1st"]
[Site "Ho Chi Minh City"]
[Date "2011.01.05"]
[Round "4"]
[White "Vasilyev, Mikhail"]
[Black "Ton, Nu Hong An"]
[Result "1/2-1/2"]
[WhiteElo "2300"]
[BlackElo "2006"]
[PlyCount "198"]
[EventDate "2011.01.04"]
[EventType "swiss"]
[EventRounds "9"]
[EventCountry "VIE"]
[SourceTitle "CBM 140 Extra"]
[Source "ChessBase"]
[SourceDate "2011.03.01"]
[SourceVersion "1"]
[SourceVersionDate "2011.03.01"]
[SourceQuality "1"]

1. e4 c5 2. Nf3 e6 3. d4 cxd4 4. Nxd4 Nf6 5. Nc3 Bb4 6. Bd3 Nc6 7. Nde2 d5 8. exd5 Nxd5 9. Bd2 0-0 10. 0-0 Ne5 11. Be4 Nc4 12. Bc1 Nxc3 13. Nxc3 Bxc3 14. bxc3 Qc7 15. Qh5 f5 16. Bd3 e5 17. Re1 Be6 18. Rb1 Rab8 19. a4 a6 20. h3 Rf6 21. Qh4 Rc8 22. Qg3 Qc6 23. f3 Rg6 24. Qf2 Qd5 25. Qe2 Nd6 26. Ba3 e4 27. Bxd6 exf3 28. Qe5 f2+ 29. Kxf2 Rxg2+ 30. Ke3 f4+ 31. Qxf4 Re8 32. Qe4 Bf7 33. Be7 Qxe4+ 34. Bxe4 Rxe7 35. Rxb7 Rxb7 36. Bxg2 Rc7 37. Kd2 Kf8 38. Rb1 Be8 39. Rb4 Rf7 40. Ke3 g5 41. Rd4 Rc7 42. Rd3 Bd7 43. Kd2 Ke7 44. Bf1 Rc6 45. Rd5 h6 46. Ra5 Bc8 47. c4 Rf6 48. Re5+ Kd6 49. Rd5+ Kc7 50. Kc1 Bd7 51. a5 Be6 52. Re5 Kd6 53. Re3 Rf5 54. Ra3 Rc5 55. Ra4 Ke5 56. Kd2 Kf4 57. Kc3 Kg3 58. Kd4 Rc6 59. c5 Kf2 60. Bc4 Bxh3 61. Bd5 Rc7 62. c6 Bc8 63. Kc5 Rg7 64. c4 g4 65. Ra2+ Ke3 66. Rh2 Rh7 67. Rh5 g3 68. Kd6 Bg4 69. Re5+ Kf2 70. Re8 h5 71. Rf8+ Ke2 72. Rg8 Rh6+ 73. Kc5 Kf2 74. c7 Bd7 75. Rf8+ Kg1 76. Rd8 Bf5 77. Rf8 Bd7 78. Rd8 Bf5 79. Rf8 Bd7 80. c8Q Bxc8 81. Rxc8 h4 82. Rg8 Kf2 83. Rf8+ Kg1 84. Kd4 h3 85. Rg8 Kf2 86. c5 Rh4+ 87. Kc3 Rh5 88. Rf8+ Kg1 89. Rg8 g2 90. Bxg2 hxg2 91. Kc4 Kh2 92. c6 g1Q 93. Rxg1 Kxg1 94. c7 Rh8 95. Kc5 Kf2 96. Kb6 Ke3 97. Kxa6 Kd4 98. Kb6 Kd5 99. Kb7 Kd6 1/2-1/2

[Event "Geller Memorial op-A 3rd"]
[Site "Odessa"]
[Date "2007.09.15"]
[Round "8"]
[White "Lomakin, Viktor"]
[Black "Vasilyev, Mikhail"]
[Result "1/2-1/2"]
[WhiteElo "2086"]
[BlackElo "2329"]
[PlyCount "138"]
[EventDate "2007.09.08"]
[EventType "swiss"]
[EventRounds "9"]
[EventCountry "UKR"]
[SourceTitle "CBM 120 Extra"]
[Source "ChessBase"]
[SourceDate "2007.11.01"]
[SourceVersion "1"]
[SourceVersionDate "2007.11.01"]
[SourceQuality "1"]

1. d4 Nf6 2. c4 g6 3. Nc3 Bg7 4. e4 d6 5. Nf3 0-0 6. Be2 e5 7. 0-0 Nbd7 8. Re1 c6 9. Bf1 Re8 10. d5 c5 11. Qc2 Rf8 12. a3 h6 13. b4 b6 14. Rb1 Ne8 15. g3 Ndf6 16. bxc5 bxc5 17. Bd2 Nh5 18. Be2 Kh7 19. Rb3 f5 20. exf5 gxf5 21. Nxe5 Nxg3 22. hxg3 dxe5 23. Be3 Kh8 24. Bxc5 Rg8 25. Bf1 Nd6 26. Nb5 Ne4 27. Bxa7 Qa5 28. Rxe4 fxe4 29. Be3 Bf5 30. c5 h5 31. c6 Bf6 32. Bb6 Qxb6 33. Nd6 Qa5 34. Rb5 Qe1 35. Nxf5 Rxa3 36. Qe2 Qxe2 37. Bxe2 Rc3 38. Rb7 h4 39. c7 e3 40. d6 exf2+ 41. Kxf2 hxg3+ 42. Kg2 Rc2 43. Rb8 Rxe2+ 44. Kf3 Rf2+ 45. Ke4 Rc2 46. Ne7 Bxe7 47. dxe7 g2 48. Rxg8+ Kxg8 49. e8Q+ Kh7 50. Qh5+ Kg8 51. Qg4+ Kh7 52. c8Q Rxc8 53. Qh3+ Kg7 54. Qxg2+ Kf7 55. Qa2+ Ke7 56. Qd5 Rc7 57. Kxe5 Rd7 58. Qc5+ Kf7 59. Kf5 Re7 60. Qd5+ Kg7 61. Qd6 Kf7 62. Qd5+ Kg7 63. Kg5 Rf7 64. Qe6 Kh8 65. Qh3+ Kg8 66. Qc8+ Kg7 67. Qe6 Kh8 68. Qh6+ Kg8 69. Kg6 Rf6+ 1/2-1/2

[Event "Geller Memorial op-A 3rd"]
[Site "Odessa"]
[Date "2007.09.14"]
[Round "7"]
[White "Vasilyev, Mikhail"]
[Black "Vdovichenko, Vladislav"]
[Result "0-1"]
[WhiteElo "2329"]
[BlackElo "2198"]
[PlyCount "146"]
[EventDate "2007.09.08"]
[EventType "swiss"]
[EventRounds "9"]
[EventCountry "UKR"]
[SourceTitle "CBM 120 Extra"]
[Source "ChessBase"]
[SourceDate "2007.11.01"]
[SourceVersion "1"]
[SourceVersionDate "2007.11.01"]
[SourceQuality "1"]

1. e4 e6 2. d4 d5 3. Nc3 Nf6 4. e5 Nfd7 5. f4 c5 6. Nf3 Nc6 7. Be3 a6 8. Qd2 b5 9. g3 Qb6 10. Bg2 cxd4 11. Nxd4 Nxd4 12. Bxd4 Bc5 13. Ne2 a5 14. 0-0 Ba6 15. Bxc5 Qxc5+ 16. Nd4 b4 17. Rf2 g6 18. Re1 h5 19. h3 Nb6 20. b3 Rc8 21. Re3 Rd8 22. Bf3 Kd7 23. c3 Rb8 24. g4 hxg4 25. hxg4 Rhc8 26. cxb4 Qc1+ 27. Kg2 axb4 28. Qxc1 Rxc1 29. Be2 Bxe2 30. Rexe2 Rh8 31. Rc2 Rd1 32. Nc6 Rhh1 33. Kf3 Rh3+ 34. Ke2 Rg1 35. g5 d4 36. Nxb4 Nd5 37. Nxd5 d3+ 38. Kd2 dxc2 39. Nf6+ Kc6 40. Kxc2 Rhg3 41. Kd2 Ra1 42. Re2 Rh3 43. Re3 Rxa2+ 44. Kd3 Rxe3+ 45. Kxe3 Ra3 46. Ke4 Rxb3 47. Kd4 Rb4+ 48. Ke3 Rb3+ 49. Kd4 Ra3 50. Ng4 Ra4+ 51. Ke3 Kd5 52. Nf6+ Kc4 53. Ne8 Ra1 54. Nd6+ Kd5 55. Kf3 Ra3+ 56. Kg4 Ra7 57. Kf3 Rd7 58. Ne8 Rd8 59. Nf6+ Kd4 60. Ne4 Ra8 61. Nd6 Ra1 62. Nxf7 Rf1+ 63. Kg3 Ke3 64. Nh8 Rf3+ 65. Kg4 Rxf4+ 66. Kg3 Rf8 67. Nxg6 Rg8 68. Ne7 Rxg5+ 69. Kh4 Rxe5 70. Kg4 Rc5 71. Ng6 e5 72. Ne7 e4 73. Ng6 Kd2 0-1

[Event "Geller Memorial op-A 3rd"]
[Site "Odessa"]
[Date "2007.09.12"]
[Round "5"]
[White "Vasilyev, Mikhail"]
[Black "Bernadskiy, Vitaliy"]
[Result "0-1"]
[WhiteElo "2329"]
[BlackElo "2197"]
[PlyCount "178"]
[EventDate "2007.09.08"]
[EventType "swiss"]
[EventRounds "9"]
[EventCountry "UKR"]
[SourceTitle "CBM 120 Extra"]
[Source "ChessBase"]
[SourceDate "2007.11.01"]
[SourceVersion "1"]
[SourceVersionDate "2007.11.01"]
[SourceQuality "1"]

1. e4 e6 2. d4 d5 3. Nd2 c5 4. exd5 Qxd5 5. Ngf3 cxd4 6. Nb3 Nf6 7. Nbxd4 Bd7 8. c4 Qe4+ 9. Be2 e5 10. Nb5 Bxb5 11. cxb5 Bb4+ 12. Kf1 0-0 13. h3 Nbd7 14. a3 Bc5 15. b4 Bb6 16. Qb3 Rad8 17. a4 h6 18. a5 Bc7 19. Be3 b6 20. Nd2 Qf5 21. g4 Qe6 22. Bc4 Qe7 23. f3 Bd6 24. Rb1 e4 25. f4 bxa5 26. bxa5 Nc5 27. Qd1 Qc7 28. b6 axb6 29. axb6 Qb8 30. Rb2 Nfd7 31. f5 Ne5 32. Be2 Ned3 33. Bxd3 Nxd3 34. Rb5 Bf4 35. Qe2 Bxe3 36. Qxe3 Qf4+ 37. Ke2 Qd6 38. Rf1 Qc6 39. Rbb1 f6 40. b7 Qa6 41. Rfd1 Nb2+ 42. Ke1 Nxd1 43. Kxd1 Qd6 44. Rb3 Rf7 45. Rb6 Qc7 46. Qb3 Qf4 47. Qa2 Qf3+ 48. Kc1 Qc3+ 49. Kb1 Qc7 50. Qe6 Rb8 51. Nxe4 Qxb6+ 52. Qxb6 Rfxb7 53. Qxb7 Rxb7+ 54. Kc2 Rd7 55. Nf2 Kf7 56. Nd3 Ke7 57. Kd2 Kd6 58. Ke3 Kd5 59. Nf4+ Kc4 60. h4 Re7+ 61. Kf3 Kd4 62. Ne6+ Ke5 63. Nf8 Ra7 64. Ng6+ Kd4 65. Nf8 Ra3+ 66. Kf4 Kd5 67. Ng6 Ra4+ 68. Kf3 Kd4 69. Kf4 Ra1 70. Nf8 Rf1+ 71. Kg3 Ke3 72. Kg2 Rf2+ 73. Kg3 Rf3+ 74. Kg2 Kf4 75. Ne6+ Kxg4 76. Nxg7 Rxf5 77. Nxf5 Kxf5 78. Kg3 Ke4 79. Kg4 f5+ 80. Kh5 f4 81. Kxh6 f3 82. h5 f2 83. Kh7 f1Q 84. h6 Qg2 85. Kh8 Qb2+ 86. Kg8 Qb8+ 87. Kg7 Qc7+ 88. Kg6 Qe7 89. h7 Qf8 0-1

[Event "Geller Memorial op-A 3rd"]
[Site "Odessa"]
[Date "2007.09.11"]
[Round "4"]
[White "Sumets, Andrey"]
[Black "Vasilyev, Mikhail"]
[Result "1-0"]
[WhiteElo "2529"]
[BlackElo "2329"]
[PlyCount "121"]
[EventDate "2007.09.08"]
[EventType "swiss"]
[EventRounds "9"]
[EventCountry "UKR"]
[SourceTitle "CBM 120 Extra"]
[Source "ChessBase"]
[SourceDate "2007.11.01"]
[SourceVersion "1"]
[SourceVersionDate "2007.11.01"]
[SourceQuality "1"]

1. d4 Nf6 2. c4 g6 3. Nc3 Bg7 4. e4 d6 5. Nf3 0-0 6. Be2 e5 7. 0-0 Nc6 8. dxe5 dxe5 9. Bg5 Qxd1 10. Rfxd1 Bg4 11. Rac1 Bxf3 12. Bxf3 Nd4 13. Nd5 Nxd5 14. cxd5 f6 15. Be3 Nxf3+ 16. gxf3 Rf7 17. Rc3 Bf8 18. f4 Bd6 19. fxe5 fxe5 20. Rdc1 b6 21. a4 Kg7 22. Kg2 h6 23. Rc6 Rd7 24. a5 Rf8 25. Kf1 Rf3 26. R1c3 g5 27. Bd2 Rf6 28. Ke2 Rdf7 29. Be3 g4 30. Rc1 Rg6 31. Rg1 h5 32. a6 h4 33. Rcc1 Kf6 34. h3 Rfg7 35. hxg4 Rxg4 36. Rxg4 Rxg4 37. Kf3 Rg7 38. Rh1 Rh7 39. Kg4 Rg7+ 40. Kh3 Kf7 41. Rc1 Rh7 42. Bg5 Ke8 43. f3 Kd7 44. Rg1 c6 45. dxc6+ Kxc6 46. Bf6 Rf7 47. Rg6 Kb5 48. Kxh4 Kxa6 49. Kg5 Kb5 50. Kf5 Rf8 51. Ke6 Bb8 52. Rg5 Kc4 53. Rf5 b5 54. Ke7 Rg8 55. Bxe5 Bxe5 56. Rxe5 b4 57. f4 Kb3 58. f5 Kxb2 59. f6 b3 60. f7 Rg7 61. Ra5 1-0